000 00842cab a2200253 4500
001 WB2825-16
008 090401t1992 xxu||||| |||| 00| 0 eng d
035 _a(Sirsi) u43763
041 _aeng
245 _aLondon homeless toll of 200,000 predicted
260 _c1992
350 _a0
490 _aTimes
_v22 June 1992, 6(1)
520 _aA joint Association of Local Associaitons (ALA) and London Boroughs Association report predicts that the number of homeless families will rise by 30,000 to 75,000 by the middle of 1995, if new measures are not taken to house them.
650 _aHOMELESS FAMILIES
650 _aHOUSING POLICY
650 _aLONDON
650 _aPERMANENT ACCOMMODATION
650 _aPRIVATE-RENTED SECTOR
650 _aTEMPORARY ACCOMMODATION
690 _aHOUSING
942 _n0
948 _c04/03/1997
999 _c27892
_d27892